|
|
|
|
| LEADER |
00587cam a2200181 7i4500 |
| 001 |
0000027572 |
| 005 |
20120416090000.0 |
| 020 |
0 |
0 |
|a 9780415545372
|
| 090 |
0 |
0 |
|a M 338.9595105
|b TAN
|
| 100 |
1 |
0 |
|a Tan
|
| 245 |
1 |
0 |
|a Privatization in Malaysia :
|b regulation, rent-seeking and policy failure.
|
| 260 |
0 |
0 |
|a London:
|b Routledge,
|c 2010.
|
| 300 |
# |
# |
|a 234 p.
|
| 650 |
0 |
0 |
|a Malaysia --
|x Politics and government
|
| 650 |
0 |
0 |
|a Privatization --
|z Malaysia
|
| 650 |
0 |
0 |
|a Privatization --
|x case studies --
|z Malaysia
|
| 651 |
0 |
0 |
|a Malaysia
|
| 999 |
|
|
|a B000030224
|b Book
|c Countries
|e Business Information Centre
|